Functionalized nanostructures for enhanced photocatalytic performance under solar light
La produccin̤ fotocatalt̕ica de hidrg̤eno a partir de agua ha sido considerada como una de las tecnologa̕s de conversin̤ solar ms̀ prometedoras. En la l͠tima dčada se han diseądo diversas nanoestructuras funcionalizadas para abordar los requerimientos principales para una generacin̤ fotocatalt̕ica...
Uloženo v:
| Další autoři: | , , , , , , , |
|---|---|
| Médium: | Kniha |
| Jazyk: | angličtina |
| Témata: | |
| On-line přístup: | Functionalized nanostructures for enhanced photocatalytic performance under solar light |
| Tagy: |
Přidat tag
Žádné tagy, Buďte první, kdo vytvoří štítek k tomuto záznamu!
|
MARC
| LEADER | 00000nam a22000004a 4500 | ||
|---|---|---|---|
| 001 | vpro9557 | ||
| 005 | 20201223000000.0 | ||
| 008 | 160202s2016 ck # g## #001 0#eng#d | ||
| 020 | |||
| 022 | |a 2190-4286 | ||
| 040 | |a CO-BoINGC | ||
| 041 | 0 | |a eng | |
| 245 | 1 | 0 | |a Functionalized nanostructures for enhanced photocatalytic performance under solar light |
| 246 | |a Nanoestructuras funcionalizadas para desempeǫ fotocatalt̕ico mejorado bajo luz solar | ||
| 264 | |a Bogot ̀(Colombia) : |b Revista VirtualPRO, |c 2016 | ||
| 520 | 3 | |a La produccin̤ fotocatalt̕ica de hidrg̤eno a partir de agua ha sido considerada como una de las tecnologa̕s de conversin̤ solar ms̀ prometedoras. En la l͠tima dčada se han diseądo diversas nanoestructuras funcionalizadas para abordar los requerimientos principales para una generacin̤ fotocatalt̕ica eficiente: actividad de luz visible, estabilidad qum̕ica, caracters̕ticas apropiadas de borde de banda y potencial para una fabricacin̤ a bajo costo. El objetivo de este artc̕ulo es presentar una breve revisin̤ de los esfuerzos de los autores para lograrlos. | |
| 650 | \ | \ | |a Fotoqum̕ica |
| 650 | \ | \ | |a Fotocatl̀isis |
| 650 | \ | \ | |a Fisicoqum̕ica |
| 650 | \ | \ | |a Nanopartc̕ulas |
| 650 | \ | \ | |a Qum̕ica |
| 650 | \ | \ | |a Photochemistry |
| 650 | \ | \ | |a Photocatalysis |
| 650 | \ | \ | |a Chemistry |
| 650 | \ | \ | |a physical and theoretical |
| 650 | \ | \ | |a Nanoparticles |
| 650 | \ | \ | |a Chemistry |
| 650 | \ | \ | |a Fotocatalizadores |
| 650 | \ | \ | |a Fotocatalizadores nanoestructurados |
| 650 | \ | \ | |a Nanoestructuras funcionalizadas |
| 650 | \ | \ | |a Morfologa̕ |
| 650 | \ | \ | |a Produccin̤ de hidrg̤eno |
| 650 | \ | \ | |a Homounin̤ |
| 650 | \ | \ | |a Photocatalysts |
| 650 | \ | \ | |a Nanostructured photocatalysts |
| 650 | \ | \ | |a Functionalized nanostructures |
| 650 | \ | \ | |a Morphology |
| 650 | \ | \ | |a Hydrogen production |
| 650 | \ | \ | |a Homounion |
| 700 | \ | \ | |a Guo Liejin |
| 700 | \ | \ | |a Jing Dengwei |
| 700 | \ | \ | |a Liu Maochang |
| 700 | \ | \ | |a Chen Yubin |
| 700 | \ | \ | |a Shen Shaohua |
| 700 | \ | \ | |a Shi Jinwen |
| 700 | \ | \ | |a Zhang Kai |
| 700 | \ | \ | |a Beilstein Institut |
| 856 | |z Functionalized nanostructures for enhanced photocatalytic performance under solar light |u https://virtualpro.unach.elogim.com/biblioteca/nanoestructuras-funcionalizadas-para-desempeno-fotocatalitico-mejorado-bajo-luz-solar | ||